Wu-Tang Clan Members - Statistics

General Stats
  • This quiz has been taken 59 times
  • The average score is 8 of 9
Answer Stats
Members % Correct
Method Man
98%
RZA
98%
GZA
96%
Ol' Dirty Bastard
94%
Ghostface Killah
92%
Inspectah Deck
87%
Raekwon
83%
U-God
77%
Masta Killa
69%
No matching quizzes found
Score Distribution
Percent of People with Each Score
Percentile by Number Answered
Your Score History
You have not taken this quiz